|
|
|
|
| LEADER |
00000nam a22000007a 4500 |
| 005 |
20150529205358.0 |
| 007 |
cr|||| |||| |
| 008 |
150529s2014 br |||||s|||| 00||0 por d |
| 020 |
|
|
|a 978-85-361-2898-6
|
| 035 |
|
|
|a 12713
|
| 040 |
|
|
|a vLex
|
| 090 |
|
|
|c 5454
|d 5454
|
| 100 |
1 |
|
|a Novaes Martinez, Wladimir
|
| 245 |
1 |
0 |
|a Aposentadoria especial 2014
|h [Recurso electrn̤ico] /
|c Wladimir Novaes Martinez
|
| 256 |
|
|
|a Servicio en ln̕ea
|
| 260 |
|
|
|a San Pablo:
|b LTR Editora,
|c 2014
|
| 300 |
|
|
|a 1 recurso electrn̤ico
|
| 500 |
|
|
|a Esgotada a 5® ediȯ̂, a LTr apressou-se em encomendar ao professor Wladimir Novaes Martinez uma nova ediȯ̂, revista e atualizada. A simples leitura do sumr̀io demonstra que o autor esmerou-se enciclopedicamente no exame da maioria das inovaė̳s e as apreciou — ̉vista do elevado nm︢ero de leis, decretos, portarias, ordens de serviȯ e pareceres vigentes —, ordenando-as sistematicamente e, sempre que possv̕el, apresentando variadas refern̊cias bibliogrf̀icas. A aposentadoria especial continua despertando vr̀ias perplexidades, dv︢idas e divergn̊cias entre os aplicadores da norma, os estudiosos e os magistrados da Justiȧ Federal. J ̀que o procedimento da conversô, a exign̊cia de menȯ̂ ̉tecnologia de proteȯ̂ (EPI, EPC e EPR) e a adoȯ̂ do LTCAT e PPP nô tm̊ mais produzido tantas incertezas, resta aos profissionais do Direito Previdencir̀io ampliar o seu conhecimento sobre a medicina do trabalho e provar a existn̊cia dos elementos jurd̕icos definidores do direito. Para isso, ser ̀preciso apreender o significado desse complexo benefc̕io, podendo contar com as ilustraė̳s desta 6® ediȯ̂.
|
| 506 |
1 |
|
|a Disponible solo en los productos indicados
|d vLex Global
|d vLex Global (Academic Edition, excluding Law Schools)
|d vLex Global (U.S. Academic Edition, Law Schools)
|d vLex Global (U.S. Academic Edition, excluding Law Schools)
|d vLex Global (Academic Edition, Law Schools)
|
| 650 |
0 |
4 |
|a Derecho Laboral y Seguridad Social
|z Brasil
|
| 740 |
0 |
|
|a vLex Libros (Servicio en ln̕ea)
|
| 856 |
4 |
0 |
|u http://vlex.com/source/aposentadoria-especial-2014-12713
|z Acceso restringido
|
| 942 |
|
|
|c BOOK
|
| 999 |
0 |
|
|a Labor and Social Security
|